| 000 | 00695nam a22002057a 4500 | ||
|---|---|---|---|
| 999 |
_c13203 _d13203 |
||
| 003 | AR-CdUCM | ||
| 008 | 190411b ||||| |||| 00| 0 spa d | ||
| 040 |
_aMUNICIPALIDAD PROVINCIAL DEL CUSCO _cBIBLIOTECA MUNICIPAL DEL CUSCO |
||
| 082 |
_a631.5 / _bA44 |
||
| 245 | _aAlmanaque agropecuario del PerĂº-1963 / | ||
| 260 |
_aLima: _bMensajero Agricola, _c1963 |
||
| 300 |
_a319 paginas ; _bLaminas, _c23 cm. |
||
| 505 | _aContenido :Agricultura --Sanidad vegetal --Macanizacion --Avivultura --Ganaderia ... | ||
| 650 |
_aAgricultura _9320 |
||
| 650 |
_aPlantas _919530 |
||
| 650 |
_aGanaderĂa _9321 |
||
| 700 |
_aMensajero Agricola _931459 |
||
| 942 |
_2ddc _cLIBROS |
||
| 945 |
_arjall _d2019-04-11 |
||